Esculturas, dibujos / (Record no. 101492)

MARC details
000 -LEADER
campo de control de longitud fija 00409nam a2200145 i 4500
001 - NÚMERO DE CONTROL
campo de control 101492
003 - IDENTIFICADOR DE NÚMERO DE CONTROL
campo de control ES-MaACL
007 - CAMPO FIJO DE DESCRIPCIÓN FÍSICA--INFORMACIÓN GENERAL
campo de control de longitud fija t|
008 - DATOS DE LONGITUD FIJA--INFORMACIÓN GENERAL
campo de control de longitud fija 051019s1979 sp ||||1| spa d
100 1# - ENTRADA PRINCIPAL--NOMBRE DE PERSONA
Nombre de persona Medina, José Luis.
9 (RLIN) 79699
245 10 - MENCIÓN DEL TÍTULO
Título Esculturas, dibujos /
Mención de responsabilidad, etc. J. L. Medina.
260 ## - PUBLICACIÓN, DISTRIBUCIÓN, ETC.
Lugar de publicación, distribución, etc. Madrid :
Nombre del editor, distribuidor, etc. [s.n.],
Fecha de publicación, distribución, etc. 1979 (
Fabricante Imp. Sodegraf)
300 ## - DESCRIPCIÓN FÍSICA
Extensión 20 h., 43 lám. ;
Dimensiones 29 cm.
852 ## - LOCALIZACIÓN
Ubicación ES-MaACL
Número de control de estantería L-3782
Sublocalización o colección R.104779
Holdings
Estatus retirado Estado de pérdida Estado de daño No para préstamo Biblioteca de origen Biblioteca actual Ubicación en estantería Fecha de adquisición Fuente de adquisición Total de préstamos Signatura topográfica completa Código de barras Visto por última vez Precio de reemplazo Tipo de ítem Koha
        Biblioteca del Ateneo de Madrid Biblioteca del Ateneo de Madrid Depósito 2 17/01/2008     L-3782 1105959 23/02/2023 23/02/2023 Libro impreso